| 000 | 01707cam a22004337a 4500 | ||
|---|---|---|---|
| 003 | CHAP | ||
| 005 | 20220817042814.0 | ||
| 008 | 971013s1977 it r 00010 spa d | ||
| 010 | _a56200 | ||
| 011 | _a57172 | ||
| 035 | _a61325 | ||
| 040 | _cCHAP | ||
| 082 | 0 | 4 |
_a639.2 _bF46 v.159 |
| 111 | 2 |
_aSimposio sobre Acuicultura en América Latina ( _d1974 : _cMontevideo) |
|
| 245 | 1 | 0 | _aActas |
| 260 |
_aRoma : _b[FAO], _c1977-78 |
||
| 300 | _a3 v. | ||
| 490 | 0 |
_aFAO. Informe de pesca _v; 159 |
|
| 505 | 1 | _aContenido : v.1 Documentos de investigación. -- v.2 Documentos de reseña | |
| 590 |
_aBATCH-UPD _b10 _c20130110 _lUCH01 _h0035 |
||
| 590 |
_aBATCH-UPD _b10 _c20130110 _lUCH01 _h1043 |
||
| 590 |
_aBATCH-UPD _b10 _c20130409 _lUCH01 _h2018 |
||
| 590 |
_aBATCH-UPD _b10 _c20130410 _lUCH01 _h0642 |
||
| 590 |
_aBATCH-UPD _b10 _c20130914 _lUCH01 _h1348 |
||
| 590 |
_aCONVERSION _b10 _c20130109 _lUCH01 _h1330 |
||
| 650 | 1 | 4 |
_aLirio acuático. _967070 |
| 650 | 1 | 4 |
_aMalas hierbas acuáticas _xControl. _970051 |
| 650 | 1 | 4 |
_aPiscicultura _xAmérica Latina. _988533 |
| 830 | 0 |
_aFAO. Informe de pesca _v; 159 _939587 |
|
| 901 | _aBK | ||
| 905 | _aPatricia Mendoza P. | ||
| 942 | _cLIBRO | ||
| 949 |
_a639.2 F46 v.159 _bBC _cFAO _d-131776 _eFAO1 _fpte.1 _h32667 _i61325 _sb |
||
| 949 |
_a639.2 F46 v.159 _bBC _cFAO _d33724000271649 _eFAO1 _fpte.3 _h32669 _i61325 _sb |
||
| 949 |
_a639.2 F46 v.159 _bBC _cFAO _d33724000741930 _eFAO2 _fpte.3 c.2 _h47146 _i61325 _sb |
||
| 949 |
_a639.2 F46 v.159 _bBC _cFAO _d33724000741948 _eFAO1 _fpte.2 c.2 _h47145 _i61325 _sb |
||
| 949 |
_a639.2 F46 v.159 _bBC _cFAO _d33724000764890 _eFAO2 _fpte.1 c.2 _h47144 _i61325 _sb |
||
| 949 |
_a639.2 F46 v.159 _bBC _cLIBRO _d33724000741955 _eFAO1 _fpte.2 _h32668 _i61325 _sb |
||
| 999 |
_c56200 _d56200 |
||